The Politics of state Formation and destruction in Uganda / (Record no. 3704)

MARC details
000 -LEADER
fixed length control field 00594nam a22001937a 4500
003 - CONTROL NUMBER IDENTIFIER
control field OSt
005 - DATE AND TIME OF LATEST TRANSACTION
control field 20240716124834.0
008 - FIXED-LENGTH DATA ELEMENTS--GENERAL INFORMATION
fixed length control field 160422b xxu||||| |||| 00| 0 eng d
020 ## - INTERNATIONAL STANDARD BOOK NUMBER
International Standard Book Number 9970020358.
040 ## - CATALOGING SOURCE
Transcribing agency DDC.
082 ## - DEWEY DECIMAL CLASSIFICATION NUMBER
Classification number 320.1676KAB 1995.
100 ## - MAIN ENTRY--PERSONAL NAME
Personal name Kabwegyere,B.Tarsis;
9 (RLIN) 8201
245 ## - TITLE STATEMENT
Title The Politics of state Formation and destruction in Uganda /
Statement of responsibility, etc. Tarsis B. Kabwegyere
260 ## - PUBLICATION, DISTRIBUTION, ETC. (IMPRINT)
Place of publication, distribution, etc. Kampala,Uganda.
Name of publisher, distributor, etc. Fountain Publishers.
Date of publication, distribution, etc. 1995.
300 ## - PHYSICAL DESCRIPTION
Extent v,259p;
Other physical details ill;
Dimensions 23cm.
504 ## - BIBLIOGRAPHY, ETC. NOTE
Bibliography, etc Appendix,Bibliography and index are included.
650 ## - SUBJECT ADDED ENTRY--TOPICAL TERM
Topical term or geographic name as entry element Politics.
9 (RLIN) 5723
942 ## - ADDED ENTRY ELEMENTS (KOHA)
Source of classification or shelving scheme Dewey Decimal Classification
Koha item type Short Loan
Holdings
Withdrawn status Lost status Source of classification or shelving scheme Damaged status Not for loan Home library Current library Date acquired Source of acquisition Inventory number Total Checkouts Full call number Barcode Date last seen Price effective from Koha item type
    Dewey Decimal Classification     MUST Main Library MUST Main Library 22/04/2016   03/19952.   320.1676KAB 1995. 2016-1175 22/04/2016 22/04/2016 Short Loan
    Dewey Decimal Classification     MUST Main Library MUST Main Library 16/07/2024 Donation 2004/21788   320.1676KAB 1995. 2024-21984 16/07/2024 16/07/2024 Open Shelf